Methodische und praktische Probleme nach dem 2. Strafrechtsreformgesetz

Gespeichert in:  
Bibliographische Detailangaben
1. VerfasserIn: Venzlaff, Ulrich 1921-2013 (Verfasst von)
Medienart: Druck Aufsatz
Sprache:Deutsch
Veröffentlicht: 1977
In: Der Nervenarzt
Jahr: 1977, Band: 48, Heft: 5, Seiten: 253-258
Verfügbarkeit prüfen: HBZ Gateway
Schlagwörter:

MARC

LEADER 00000caa a22000002c 4500
001 1636030602
003 DE-627
005 20220608111012.0
007 tu
008 140212s1977 xx ||||| 00| ||ger c
035 |a (DE-627)1636030602 
035 |a (DE-576)400978512 
035 |a (DE-599)BSZ400978512 
040 |a DE-627  |b ger  |c DE-627  |e rakwb 
041 |a ger 
100 1 |a Venzlaff, Ulrich  |d 1921-2013  |0 (DE-588)118817949  |0 (DE-627)079592244  |0 (DE-576)164232451  |4 aut 
109 |a Venzlaff, Ulrich 1921-2013  |a Ventzlaff, Ulrich 1921-2013 
245 1 0 |a Methodische und praktische Probleme nach dem 2. Strafrechtsreformgesetz  |c U. Venzlaff 
264 1 |c 1977 
336 |a Text  |b txt  |2 rdacontent 
337 |a ohne Hilfsmittel zu benutzen  |b n  |2 rdamedia 
338 |a Band  |b nc  |2 rdacarrier 
773 0 8 |i In  |t Der Nervenarzt  |d Berlin : Springer Medizin Verlag GmbH, 1928  |g 48(1977), 5, Seite 253-258  |w (DE-627)129301876  |w (DE-600)123291-5  |w (DE-576)014495171  |x 0028-2804  |7 nnas 
773 1 8 |g volume:48  |g year:1977  |g number:5  |g pages:253-258 
951 |a AR 
ELC |b 1 
LOK |0 000 xxxxxcx a22 zn 4500 
LOK |0 001 3292995086 
LOK |0 003 DE-627 
LOK |0 004 1636030602 
LOK |0 005 20140212082954 
LOK |0 008 140212||||||||||||||||ger||||||| 
LOK |0 040   |a DE-21-110  |c DE-627  |d DE-21-110 
LOK |0 689   |a s  |a Strafrechtsreformgesetz 
LOK |0 852   |z Kein Bestand am IfK; Nachweis für KrimDok 
LOK |0 852   |a DE-21-110 
LOK |0 852 1  |m v  |9 00 
LOK |0 935   |a k110 
LOK |0 938   |k v 
LOK |0 939   |a 12-02-14  |b l01 
ORI |a SA-MARC-krimdoka001.raw